| 000 | 01736cam a2200445 4500 | ||
|---|---|---|---|
| 003 | PE-LiUPU | ||
| 005 | 20250731173413.0 | ||
| 020 | _a080102577X | ||
| 035 | _a(Sirsi) i9780801025778 | ||
| 035 | _a(Sirsi) 46671 | ||
| 035 | _a(Sirsi) 46671 | ||
| 082 | 0 | 4 |
_a277.3/0825 _bW36 |
| 100 | 1 | _aWeber, Timothy P. | |
| 245 |
_aOn the road to armageddo : _bhow evangelicals became Israel's best friend / _cTimothy P. Weber. |
||
| 264 | 1 |
_aGrand Rapids, Michigan : _b Baker Academic, _c c2004 |
|
| 300 |
_a336 páginas ; _c24 cm. |
||
| 504 | _aIncluye bibliografía | ||
| 505 | 0 | _aDispensationalism Comes to America -- The practical logic of dispensationalism -- Dispensationalists and the flow of history -- The complicated relationship between dispensationalists and Jews -- Dispensationalism's Dark Side -- The founding and | |
| 526 | _aSEG42 | ||
| 526 | _aSEG41 | ||
| 526 | _aSEG40 | ||
| 526 | _aSEG39 | ||
| 526 | _aP94 | ||
| 526 | _aP87 | ||
| 526 | _aP86 | ||
| 526 | _aP85 | ||
| 526 | _aP77 | ||
| 526 | _aP76 | ||
| 526 | _aP35 | ||
| 650 | 1 | 4 |
_aEvangelismo _xRelaciones _xJudaísmo |
| 650 | 1 | 4 |
_aJudaísmo _xRelaciones _xEvangelicalismo |
| 942 |
_2ddc _cBOOK |
||
| 949 |
_a277.3/0825 W36 _i64275 _lCCODEBUL1 _mBUL _tLIBRO _o.STAFF. Colección General |
||
| 859 |
_q64275 _h277.3/0825 _iW36 |
||
| 910 |
_bjv _clch _d20120320 |
||
| 596 | _a1 | ||
| 999 |
_aPGT 277.30825 W36 _wDEWEY _c53068 _i64275 _f2021-11-11 _g5 _lCCODEBUL1 _mBUL _p12.00 _r0 _sY _tBOOK _u2015-7-6 _xTEOLOGIA _PP85 _0COMPRA _o.CIRCNOTE. No olvidar cambiar la fecha de devolución!!!!!!! _o.STAFF. Colección General _d53068 |
||
| 980 |
_81 _gALBERTO SANCHEZ Responsable de Automatización |
||